banner-ar

ليو تولستوى: 7 مقالات كتبها لينين فيما بين 1908 - 1911 عن الكاتب الكبير تولستوى (هدية من الاديب عبدالفتاح الجمل) / (Record no. 46808)

MARC details
000 -الفاتح
حقل البيانات ثابتة الطول 00798nam a2200217Ia 4500
008 - عناصر البيانات ثابتة الطول - معلومات عامة
حقل البيانات ثابتة الطول 140319s9999 xx 000 0 ara d
040 ## - مصدر الفهرسة
وكالة الفهرسة الأصلية GCL /
وكالة النسخ GCL
082 04 - رقم تصنيف ديوى العشرى
رقم التصنيف 320.5322
رقم المادة ل ل
100 1# - المدخل الرئيسى - إسم شخصى
الإسم الشخصى اسعد حليم
245 10 - بيان العنوان
العنوان ليو تولستوى: 7 مقالات كتبها لينين فيما بين 1908 - 1911 عن الكاتب الكبير تولستوى (هدية من الاديب عبدالفتاح الجمل) /
بيان المسئوليه,etc اسعد حليم
700 1# - المدخل الاضافى - اسم شخصى
الإسم الشخصى لينين
490 ## - بيان السلسلة
عنوان السلسلة الهيئة العامة للاستعلامات
رقم المجلد/ التعيين التسلسلي 0
650 04 - المدخل الاضافى بالموضوع-مصطلح موضوعى
مصطلح موضوعي الماركسية
650 04 - المدخل الاضافى بالموضوع-مصطلح موضوعى
مصطلح موضوعي الاشتراكية
650 04 - المدخل الاضافى بالموضوع-مصطلح موضوعى
مصطلح موضوعي السياسة
650 04 - المدخل الاضافى بالموضوع-مصطلح موضوعى
مصطلح موضوعي المذاهب السياسية
650 04 - المدخل الاضافى بالموضوع-مصطلح موضوعى
مصطلح موضوعي روسيا - تاريخ
650 04 - المدخل الاضافى بالموضوع-مصطلح موضوعى
مصطلح موضوعي تولستوى, ليو
942 ## - عناصر المدخل الإضافي( كوها)
مصدر التصنيف او مخطط الترفيف Dewey Decimal Classification
Koha [default] item type كتاب
Holdings
حالة التراجع حالة الفقد حالة تلف ليس للاعارة المكان المؤقت الموقع الحالى تاريخ الاكتساب اجمالي اﻻعارات رقم الطلب الباركود تاريخ اخر مشاهدة تاريخ تفعيل السعر نوع وعاء كوها
        مكتبة القاهرة الكبرى مكتبة القاهرة الكبرى 03/26/2014   320.5322\ل ل 113804 03/26/2014 03/26/2014 كتاب

Powered By

EGPV